Special report: mixed-use development (Record no. 74526)

MARC details
000 -LEADER
fixed length control field 01103cab a2200217 4500
001 - CONTROL NUMBER
control field ABS68169
008 - FIXED-LENGTH DATA ELEMENTS--GENERAL INFORMATION
fixed length control field 040903n2004 000 0 eng u
035 ## - SYSTEM CONTROL NUMBER
System control number (Sirsi) u127263
100 ## - MAIN ENTRY--PERSONAL NAME
Personal name Morrison, D.
245 ## - TITLE STATEMENT
Title Special report: mixed-use development
260 ## - PUBLICATION, DISTRIBUTION, ETC.
Date of publication, distribution, etc. 2004
490 ## - SERIES STATEMENT
Series statement Property Week
Volume/sequential designation 69(30) 23 July 2004, 69-76(6)
520 ## - SUMMARY, ETC.
Summary, etc. "The man who made it happen" while his latest project in Tokyo develops, Sir Terence Conran looks back on his 1980s battle to make Butler's Wharf in London the first UK's first mixed-use development. "House hunting" examines how mixed-use developers are chasing a number of schemes to deliver government's affordable housing targets. The final article "Mixed results" reports that some analysts believe Berkeley Group is entering a difficult market with its focus on mixed-use urban projects, but research reveals that such projects yield superior returns.
590 ## - LOCAL NOTE (RLIN)
Local note ABS
650 ## - SUBJECT ADDED ENTRY--TOPICAL TERM
Topical term or geographic name entry element REGENERATION PROJECTS
650 ## - SUBJECT ADDED ENTRY--TOPICAL TERM
Topical term or geographic name entry element BUTLERS WHARF
650 ## - SUBJECT ADDED ENTRY--TOPICAL TERM
Topical term or geographic name entry element MIXED-USE DEVELOPMENTS
650 ## - SUBJECT ADDED ENTRY--TOPICAL TERM
Topical term or geographic name entry element URBAN RENEWAL
690 ## - LOCAL SUBJECT ADDED ENTRY--TOPICAL TERM (OCLC, RLIN)
Topical term or geographic name as entry element REGENERATION
942 ## - ADDED ENTRY ELEMENTS (KOHA)
Suppress in OPAC 0
Holdings
Withdrawn status Lost status Source of classification or shelving scheme Damaged status Not for loan Home library Current library Shelving location Date acquired Total Checkouts Full call number Barcode Date last seen Copy number Price effective from Koha item type
    Dewey Decimal Classification     London London Journal article 03/09/2004   ABS68169 127263-1001 06/08/2019 1 06/08/2019 Journal article